Ponímanie národa v kontexte zjednocovacích procesov krajín V 4

Visegrádska štvorka - jej vznik a ciele. Význam pojmu národnostnej otázky zo širšieho hľadiska. Pojem národ - jeho historický a morfologický význam. Identita slovenského národa - jej utváranie. Význam pojmu národa na Slovensku. Perspektívy spolupráce národov v stredoeurópskom priestore. Ponímanie n...

ver descrição completa

Na minha lista:
Detalhes bibliográficos
Autor principal: Kazanský, Rastislav
Formato: Capítulo de Livro
Idioma:eslovaco
Assuntos:
Tags: Adicionar Tag
Sem tags, seja o primeiro a adicionar uma tag!

MARC

LEADER 00000naa$a2200000$$$4500
001 0009379
005 20230929115053.3
041 0 |a slo 
044 |a SK 
245 1 0 |a Ponímanie národa v kontexte zjednocovacích procesov krajín V 4  |c aut. Rastislav Kazanský 
520 |a Visegrádska štvorka - jej vznik a ciele. Význam pojmu národnostnej otázky zo širšieho hľadiska. Pojem národ - jeho historický a morfologický význam. Identita slovenského národa - jej utváranie. Význam pojmu národa na Slovensku. Perspektívy spolupráce národov v stredoeurópskom priestore. Ponímanie národa v duchu modernizmu tretieho milénia. Situácia v krajinách V 4. Nové dimenzie vzťahov a nové výzvy pre Slovensko a aj ostatné krajiny V 4. 
610 2 0 |a spolupráca hospodárska medzinárodná 
610 2 0 |a spolupráca kultúrna 
610 2 0 |a integrácia 
610 2 0 |a vzťahy politické medzinárodné 
610 2 0 |a národ 
610 2 0 |a identita 
610 2 0 |a nacionalizmus 
610 2 0 |a história 
610 2 0 |a Slovensko 
610 2 0 |a Vyšehradská štvorka 
100 1 |a Kazanský, Rastislav